| 000 | 01778nam a2200397 a 4500 | ||
|---|---|---|---|
| 003 | BLK | ||
| 005 | 20250123102547.0 | ||
| 008 | 180410b bul|||||r ||||||| ||bul|| | ||
| 010 | _aKNG00161485000 | ||
| 040 | _aBLK | ||
| 041 |
_aBUL _cBUL |
||
| 072 | 7 |
_2bullib _aК _xКраезнание |
|
| 072 | 7 |
_2bullib _aЦ _xРедки и ценни |
|
| 080 |
_aПарламенти. Представителни органи. Правителства. Вж и 342.53 _b328 _x(497.2) _z328(497.2) |
||
| 100 |
_aСтоянов, Захарий _gСтоянов, Захари _d1850-1889 _qДжедев, Джендо Стоянов _eпърви автор _9364101 |
||
| 139 |
_aСтоянов, Захарий _bС 83 |
||
| 245 | 1 | 0 |
_aКакво направихме в Търново? _bОтчет към моите избиратели в Пловдив, Котел и околиите _cЗахари Стоянов. |
| 257 | _aBGR | ||
| 260 |
_c1886 _fРусе : печ. Ст. Ив. Роглев _aРусе |
||
| 300 |
_a18 с. _c18 см |
||
| 380 | _a3 | ||
| 650 | 4 |
_aПарламентаризъм - България _9302503 |
|
| 651 | 4 |
_aБългария _9241624 |
|
| 653 | _aпарламент | ||
| 653 | _aВелико народно събрание | ||
| 653 | _aдепутати | ||
| 659 | _aК | ||
| 659 | _aЦ | ||
| 852 |
_aК 32/С 83-З _bК |
||
| 856 | 4 |
_qpdf _i0.00 _lreg users access _fКакво направихме в Търново? _uhttp://185.138.176.146:18082/cgi-bin/koha/opac-retrieve-file.pl?id=533a34b5da35f0d0db6f5d0b0f23cf2e _xebook _zКакво направихме в Търново? |
|
| 942 |
_cKNG _n0 _s1 _01 |
||
| 944 |
_aCR _c30.05.2014 _lВаля Йорданова _k30558 |
||
| 944 |
_aED _c2023-04-21 _l2023-04-21 |
||
| 999 |
_c154844 _d154844 |
||
| 999 | _d154844 | ||
| 999 | _d154844 | ||